00254nam a2200097Ia 4500008004100000245002800041245001500069260000900084650001200093856005100105171211s9999 xx 000 0 und d 4aThe Sketchnote Handbook cMike Rohde c2013 xDrawing uhttp://down.ebook777.com/008/9780321857897.pdf